000 00762nam a2200169Ia 4500
008 090711s9999 xx 000 0 und d
082 _b825
100 _aगुंदेकर श्रीराम
245 _aग्रामीण साहित्य प्रेरणा आणि प्रयोजन
260 _bदिलीपराज प्रकाशन
_c1999
300 _a126
600 _aगुंदेकर श्रीराम
630 _aग्रामीण साहित्य प्रेरणा आणि प्रयोजन
700 _aगुंदेकर श्रीराम
730 _aग्रामीण साहित्य प्रेरणा आणि प्रयोजन
942 _cBOOK
999 _c335809
_d335809